000 00360nam a2200157Ia 4500
005 20250425160858.0
008 250425s9999 xx 000 0 und d
041 _aeng
082 _a661
245 0 _aCHEMICAL MARKETING IN THE COMPETITIVE SIXTIES
250 _aS.E.
260 _aS.L.
260 _aSin Pais
_bS.E.
_c1959
942 _c01
010 _a7441
999 _c198021
_d198021